000 00825nam a22002297a 4500
999 _c17805
_d17805
003 AR-CdUCM
008 190509b ||||| |||| 00| 0 spa d
040 _aMUNICIPALIDAD PROVINCIAL DEL CUSCO
_cBIBLIOTECA MUNICIPAL DEL CUSCO
082 _a838.911 /
_bH25
100 _aHauptmann, Gerhart
_937984
245 _aTeatro : Los tejedores. La ascensión de Hánele. El abrigo de Gastor /
260 _aBuenos Aires :
_bLosada,
_c1958.
300 _a209 paginas ;
_c20 cm.
500 _aTitulo original : Die weber Hanneles Himmelfahrt. Der biberpeltz
505 _aContenido : Los tejedores -- La ascensión de Hánele -- El abrigo de Gastor.
650 _aTeatro
_9443
650 _aAlemania
_91327
650 _aSiglo XX
_98
650 _aAutores Alemanes
_911956
942 _2ddc
_cLIBROS
945 _awnts
_d2019-05-09